Ecuaciones diferenciales y en diferencias: sistemas dinámicos

Bibliographic Details
Main Author: Fernández Pérez, Carlos
Format: Section = Libro
Language:Undetermined
Spanish
Published: España [s.e.] 2003
Subjects:
LEADER 00568nam a2200193Ia 4500
008 240830s9999 xx 000 0 und d
020 |a 84-9732-198-7 
040 |a B-ESTELÍ- RUACS / 515.35 F363 
041 |a spa 
082 |a 515.35 F363 
100 1 |a Fernández Pérez, Carlos 
245 1 0 |a Ecuaciones diferenciales y en diferencias: sistemas dinámicos 
260 |a España  |b [s.e.]  |c 2003 
300 |a 751 p. 
650 7 |a ECUACIONES DIFERENCIALES - LINEALES - NO LINEALES 
650 7 |b  ECUACIONES EN DIFERENCIAS 
942 |c BK  |2 ddc 
991 |a TEXTO 
999 |c 10952